| 000 | 00000nas 2200000za 4500 |
| 001 | 9.817944 |
| 003 | CaOODSP |
| 005 | 20221107142610 |
| 007 | cr ||||||||||| |
| 008 | 160518d19451957oncar p oss f000#a0eng|d |
| 040 | |aCaOODSP|beng |
| 043 | |an-cn--- |
| 086 | 1 |aCS53-201E-PDF |
| 245 | 00|aHighway statistics |h[electronic resource]. |
| 246 | 13|aHighway statistics, Canada |f1947-1951 |
| 260 | |aOttawa : |bDominion Bureau of Statistics, Transportation & Public Utilities Branch, |c1947-1960. |
| 310 | |aAnnual |
| 362 | 0 |a1945-1957. |
| 500 | |aDigitized edition from print [produced by Statistics Canada]. |
| 500 | |aCover title. |
| 500 | |aIssues for 1950-1951 published in series: D.B.S. memorandum. |
| 500 | |aIssues for 1952-1956 published in series: Memorandum. |
| 550 | |aIssued 1946-1947 by Transportation Division; 1948-1951 by Public Finance and Transportation Division; 1952-1957 by Transportation and Public Utilities Section. |
| 692 | 07|2gccst|aRoad transport |
| 692 | 07|2gccst|aRoad networks |
| 692 | 07|2gccst|aExpenditures |
| 710 | 1 |aCanada.|bDominion Bureau of Statistics.|bTransportation Division. |
| 710 | 1 |aCanada. |bDominion Bureau of Statistics. |bTransportation and Public Utilities Section. |
| 710 | 1 |aCanada. |bDominion Bureau of Statistics. |bPublic Finance and Transportation Division. |
| 780 | 00|tThe highway and the motor vehicle in Canada |w(CaOODSP)9.817942 |
| 785 | 00|tRoad and street mileage and expenditure |w(CaOODSP)9.817946 |